000 00855nam0a22002411 4500
001 rc\2962481
005 20250529235748.0
035 _a(NLR Aleph) 007109064
090 _a6748968
_c6748968
100 _a20071207d1933 |||y0rusy50 ca
101 0 _arus
102 _aRU
105 _ay g ||||y
200 1 _aСправочник по круглому и тесаному экспортному лесу
_fВ.А. Эссер и П.И. Кукин
_gЭкспортлес. Контра круглого и тесаного леса
210 _aЛенинград
_cЭкспортлес
_d1933
_gтип. им. Котлякова
215 _aОбл., 59 с.
_d23х16 см
700 1 _aЭссер
_bВ.А.
701 1 _aКукин
_bП.И.
801 0 _aRU
_bNLR
_gpsbo
801 1 _aRU
_bELAR
_2rusmarc
852 _aNLR
_j33-11/2110
942 _cBOOK
980 _aNB